[Event "GER-chT U16"]
[Site "Naumburg"]
[Date "2012.12.28"]
[Round "3"]
[White "Frenkel, Maxim"]
[Black "Wiewesiek, Timo"]
[Result "1/2-1/2"]
[WhiteElo "1715"]
[BlackElo "1703"]
[PlyCount "80"]
[EventDate "2012.12.27"]
[EventType "team-swiss"]
[EventRounds "7"]
[EventCountry "GER"]
[SourceTitle "EXT 2014"]
[Source "ChessBase"]
[SourceDate "2013.11.20"]
[SourceVersion "1"]
[SourceVersionDate "2013.11.20"]
[SourceQuality "1"]
[WhiteTeam "Vaterstetten"]
[BlackTeam "Darmstadt Schachforum"]
[WhiteTeamCountry "GER"]
[BlackTeamCountry "GER"]

1. d4 Nf6 2. Nf3 e6 3. c4 d5 4. Nc3 Be7 5. Bf4 0-0 6. h3 Nbd7 7. e3 b6 8. Be2 Bb7 9. Rc1 Rc8 10. 0-0 c5 11. cxd5 Nxd5 12. Nxd5 Bxd5 13. Ba6 Ra8 14. Qe2 cxd4 15. exd4 Nf6 16. Rfd1 Ne8 17. b3 Bd6 18. Be5 Nc7 19. Bd3 Bxf3 20. Qxf3 f6 21. Bxd6 Qxd6 22. Rc6 Qd7 23. Rdc1 Rac8 24. Qg3 Nd5 25. Rxc8 Rxc8 26. Rxc8+ Qxc8 27. Bc4 Qd8 28. Bxd5 exd5 29. Qd3 Qc8 30. Qe3 Kf7 31. a4 Qc2 32. Qf3 Qe4 33. Qe3 Qxe3 34. fxe3 f5 35. Kf2 Kf6 36. Kf3 Ke6 37. Kf4 Kf6 38. Kf3 Ke6 39. g4 g6 40. g5 Kd6 1/2-1/2

[Event "GER-chT U16"]
[Site "Naumburg"]
[Date "2012.12.27"]
[Round "1"]
[White "Frenkel, Maxim"]
[Black "Kremer, Moritz"]
[Result "1/2-1/2"]
[WhiteElo "1715"]
[BlackElo "1725"]
[PlyCount "81"]
[EventDate "2012.12.27"]
[EventType "team-swiss"]
[EventRounds "7"]
[EventCountry "GER"]
[SourceTitle "EXT 2014"]
[Source "ChessBase"]
[SourceDate "2013.11.20"]
[SourceVersion "1"]
[SourceVersionDate "2013.11.20"]
[SourceQuality "1"]
[WhiteTeam "Vaterstetten"]
[BlackTeam "Muelheim Nord"]
[WhiteTeamCountry "GER"]
[BlackTeamCountry "GER"]

1. d4 d5 2. Nf3 Nf6 3. c4 c6 4. Nc3 e6 5. Bf4 Nbd7 6. e3 Be7 7. Be2 b6 8. h3 Bb7 9. Rc1 a6 10. a3 dxc4 11. Bxc4 c5 12. dxc5 Nxc5 13. Qxd8+ Bxd8 14. b4 Nce4 15. 0-0 Rc8 16. Ne2 0-0 17. Bb3 Be7 18. Rfd1 Rxc1 19. Rxc1 Bd6 20. Bxd6 Nxd6 21. Ned4 Rc8 22. Rxc8+ Nxc8 23. Ne5 Nd6 24. f3 Kf8 25. e4 Ke8 26. Nec6 Nb5 27. Nxb5 Bxc6 28. Nd6+ Kf8 29. Nc4 Nd7 30. Kf2 Ke7 31. Ke3 e5 32. Kf2 g6 33. Ne3 Nf6 34. Nc4 Nd7 35. Ne3 Nf6 36. g4 h6 37. Nc4 Nd7 38. Ne3 Nf6 39. Nc4 Nd7 40. Ne3 Nf6 41. Nc4 1/2-1/2